National Security Law Canadian practice in international perspective /

Detalles Bibliográficos
Formato: eBook
Lenguaje:inglés
Publicado: Toronto: Irwin Law Inc., 2008
Materias:
Acceso en línea:Acceso restringido

MARC

LEADER 00000nam a22000007a 4500
005 2021090107047.0
007 cr|||| ||||
008 210901s2008 ca |||||s|||| 00||0 eng d
020 |a 978-1-55221-280-6 
035 |a 35318 
040 |a vLex 
090 |c 12203  |d 12203 
245 0 0 |a National Security Law  |h [Recurso electrn̤ico] :  |b Canadian practice in international perspective / 
256 |a Servicio en ln̕ea 
260 |a Toronto:  |b Irwin Law Inc.,  |c 2008 
300 |a 1 recurso electrn̤ico 
506 1 |a Disponible solo en los productos indicados  |d vLex Global  |d vLex Global (Academic Edition, excluding Law Schools)  |d vLex Global (U.S. Academic Edition, Law Schools)  |d vLex Global (U.S. Academic Edition, excluding Law Schools)  |d vLex Global (Academic Edition, Law Schools) 
650 0 4 |a Derecho Comunitario  |z Canad̀ 
740 0 |a vLex Libros (Servicio en ln̕ea) 
856 4 0 |u https://app.vlex.com/#/sources/35318  |z Acceso restringido 
942 |c BOOK 
999 0 |a Community Law